01675nam a22003252 45000010005000000030008000050050017000130080041000300350050000710400037001210410008001580820025001660900022001911000034002132450067002472500012003142600105003263000034004315000074004655000020005396500035005596500033005949420012006279990015006399520132006549520149007869520138009359520138010739520138012117202BD-RjUL20211208234359.0840802r19621960enk 001 0 eng d aOCLC ocm11016081 from D970913Ma(BD-RjUL)7244 aWCMcWCMdUKMdEQOdBD-RjULbeng aeng04a515.62218bFRF 1962 aHG8782b.F72 19601 aFreeman, Harry,d1889-92253610aFinite differences for actuarial students /cby Harry Freeman. a2nd ed. aCambridge :bpublished for the Institute of Actuaries at the University Press,c1960 [Reprint 1962]. avii, 228 p. :bill. ;c22 cm. a"First ed. published as Mathematics for actuarial students, Part II." aIncludes Index. 0aInsurancexMathematics.915093 0aDifference equations.919815 2ddccBK c7202d7202 00102ddc40708NFICaRUCLbRUCLcstackd1965-11-22eZeitg25.00l0o515.62 FRF 1962r2014-01-13 00:00:00tC-2w2014-01-13yBK 00102ddc40718NFICaRUCLbRUCLcreadingd1965-12-06eNational Book Agen.g15.00l0o515.62 FRF 1962r2014-01-13 00:00:00tC-1w2014-01-13yBK 00102ddc40708NFICaRUCLbRUCLcStackd1965-11-22eZeitlingerg25.00l0o515.62 FRF 1962r2016-08-30 00:00:00tC-3w2016-08-30yBK 00102ddc40708NFICaRUCLbRUCLcStackd1965-11-22eZeitlingerg25.00l0o515.62 FRF 1962r2016-08-30 00:00:00tC-4w2016-08-30yBK 00102ddc40708NFICaRUCLbRUCLcStackd1965-11-22eZeitlingerg25.00l0o515.62 FRF 1962r2016-08-30 00:00:00tC-5w2016-08-30yBK